Statistics for The Americas Geography by Letter - M

Click here to take the quiz!

General Stats

  • This quiz has been taken 33,420 times
    (23,334 since last reset)
  • The average score is 15 of 22

Answer Stats

ClueAnswer% Correct
South Florida metropolisMiami
97%
Longest river in North AmericaMississippi
95%
Borough of New York CityManhattan
92%
Peru's top tourist attractionMachu Picchu
90%
New England stateMaine
90%
Mitten-shaped U.S. stateMichigan
87%
New England stateMassachusetts
85%
Capital of UruguayMontevideo
82%
City once the Aztec capital
of Tenochtitlan
Mexico City
81%
Canadian city named after Mount RoyalMontréal
75%
California desertMojave
73%
"Land of 10,000 lakes"Minnesota
72%
Small island shared by France
and the Netherlands
Saint {Martin}
67%
Capital of NicaraguaManagua
60%
Second largest city in ColombiaMedellín
58%
Former name of DenaliMt. McKinley
56%
Term for a "table-shaped" hill of
the western U.S.
Mesa
49%
"Land of 100,000 lakes"Manitoba
45%
Biggest city in the AmazonManaus
40%
Third largest metro area in MexicoMonterrey
38%
World's largest cave system{Mammoth} Caves
36%
This Venezuelan "lake" is actually
an ocean bay
Lake {Maracaibo}
23%

Score Distribution

Percentile by Number Answered

Percent of People with Each Score

Your Score History

You have not taken this quiz since the last reset